Del discurso pedagógico: problemas críticos. Poder, control y discurso pedagógico
Guardat en:
| Autor principal: | |
|---|---|
| Format: | Llibre |
| Idioma: | espanyol |
| Publicat: |
Bogotá
Magisterio
2001
|
| Col·lecció: | Colección Seminarium
|
| Matèries: | |
| Etiquetes: |
Afegir etiqueta
Sense etiquetes, Sigues el primer a etiquetar aquest registre!
|
MARC
| LEADER | 00000nam a2200000 a 4500 | ||
|---|---|---|---|
| 001 | UCL3190 | ||
| 003 | CL-VaPUC | ||
| 008 | 031114e20010000CK |||||||||||||||||spa|d | ||
| 020 | |a 9582006153 | ||
| 082 | 0 | 4 | |a 371.1022 |b DIA |2 21 |
| 100 | 0 | |a Díaz Villa, Mario |e author |9 480448 | |
| 245 | 1 | 0 | |a Del discurso pedagógico: problemas críticos. Poder, control y discurso pedagógico |
| 300 | |a 223 p | ||
| 942 | |c BK | ||
| 945 | |d 20031114 00:00:00 |a cmena | ||
| 260 | |a Bogotá |b Magisterio |c 2001 | ||
| 650 | 7 | |a RELACION DOCENTE ALUMNO |2 CL-VaPUC |9 307734 | |
| 650 | 0 | |a Análisis del discurso |9 256696 | |
| 650 | 0 | |a Comunicación oral |9 307769 | |
| 650 | 0 | |a Sociología de la educación |9 260380 | |
| 583 | |a last modification |c 20031114 00:00:00 |k Rodrigo Vera | ||
| 490 | 0 | |a Colección Seminarium | |
| 999 | |c 306311 |d 306309 | ||
| 952 | |0 0 |1 0 |4 0 |6 371_102200000000000_DIA_2001 |7 0 |8 A |9 371237 |a BIBTEO |b BIBTEO |d 2019-11-21 |i 3962008 |o 371.1022 DIA 2001 |p 3962008 |r 2025-01-17 |w 2019-11-21 |y BK |k ICR | ||
| 952 | |0 0 |1 0 |4 0 |6 371_102200000000000_DIA_2001 |7 0 |8 A |9 371238 |a BIBEDU |b BIBEDU |d 2019-11-21 |i 4376056 |o 371.1022 DIA 2001 |p 4376056 |r 2019-11-21 |w 2019-11-21 |y BK |k LIT | ||